La inflación en Chile: sus causas, los efectos, medidas por adoptar. Discurso pronunciado en las sesiones 21ª y 22ª del Senado, en los días 13 y 14 de agosto de 1957

Gespeichert in:
Bibliographische Detailangaben
1. Verfasser: Vial E., Carlos A (VerfasserIn)
Format: Buch
Sprache:Spanisch
Veröffentlicht: Santiago Cámara del Senado 1957
Schlagworte:
Tags: Tag hinzufügen
Keine Tags, Fügen Sie den ersten Tag hinzu!

MARC

LEADER 00000nam a2200000 a 4500
001 UCY5186
003 CL-VaPUC
008 950417e19570000CL |||||||||||||||||spa|d
082 0 4 |a 332.41  |b VIA  |2 21 
100 0 |a Vial E., Carlos A  |e author  |9 529618 
245 1 3 |a La inflación en Chile: sus causas, los efectos, medidas por adoptar. Discurso pronunciado en las sesiones 21ª y 22ª del Senado, en los días 13 y 14 de agosto de 1957 
300 |a 48 p 
942 |c BK 
945 |d 19950417 00:00:00  |a rbrito 
260 |a Santiago  |b Cámara del Senado  |c 1957 
650 0 |a Inflación   |9 257218 
650 0 |a Política gubernamental  |9 262286 
650 0 |a Historia económica  |9 307218 
651 7 |a CHILE  |2 CL-VaPUC  |9 529619 
583 |a last modification  |c 19950417 00:00:00  |k Rodrigo Vera 
999 |c 330107  |d 330105 
952 |0 0  |1 0  |4 0  |6 332_410000000000000_VIA_1957  |7 0  |8 X  |9 415458  |a BIBHIS  |b BIBHIS  |d 2019-11-22  |i 3076393  |o 332.41 VIA 1957  |p 3076393  |r 2024-01-30  |w 2019-11-22  |y BK_X  |k HIS